000 00733nam a2200241Ia 4500
003 OSt
005 20220927110714.0
006 a|||||r|||| 00| 0
007 ta
008 220926b |||||||| |||| 00| 0 eng d
024 _a116378
037 _cReports
040 _aRTL
_cRTL
_beng
041 _2eng
_aeng
082 _a"R17p1,N60, K2"
111 _aInternational Congress for Logic Methodology and Philosophy of Science (1960 : Standford)
_9379889
245 0 _aProceedings. Edited by Ernest Nagel
260 _aStanford
_bStanford University Press
_c1962
300 _a"ix, 661p"
_ccm.
650 _aPhilosophy-Scientific Methods
_9364981
942 _h"R17p1,N60, K2"
_cCC
999 _c697688
_d697688